00306nam a2200121Ia 4500008004100000082001600041100001500057245004100072250000800113260004700121300000800168650000800176191201s2010 xx 000 0 und d a344.01bSHI aSHARMA,A.M 0aIndustrial Relations and Labour Laws a1st aN. DelhibHimalaya Publication Housec2010 a401 aBBA